Music Quiz

Random Music or Artist Quiz

Beyoncé Artist Collaborations Quiz Stats

Quiz not verified by Sporcle

Challenge
Share
Tweet
Embed
Score 0/58 Timer 10:00
0 Plays Today
Aritst % Correct
Eminem
100%
Jay-Z
97.4%
Lady Gaga
82.1%
Shakira
74.2%
Nicki Minaj
68.9%
Kanye West
63.6%
Pharrell
61.1%
Drake
59.6%
Kelly Rowland
59.6%
Justin Timberlake
51.7%
Kendrick Lamar
50%
Frank Ocean
48.3%
Michelle Williams
48.3%
Sean Paul
48.3%
Alicia Keys
45.7%
Usher
43.7%
Andre 3000
43%
The Weeknd
38.9%
Lil' Wayne
35.8%
Jack White
33.3%
J Cole
33.3%
Blue Ivy
33.1%
Missy Elliott
33.1%
Luther Vandross
32.5%
Solange Knowles
30.5%
Big Boi
27.8%
DJ Khaled
27.8%
Dixie Chicks
27.8%
Mary J Blige
23.8%
Aritst % Correct
James Blake
22.2%
IAM
22.2%
Sleepy Brown
17.2%
Bun B
16.7%
Slim Thug
16.7%
Stevie Wonder
15.2%
The Dream
15.2%
Alejandro Fernández
14.6%
Big Sean
14.6%
Mr. Vegas
13.2%
P. Diddy
11.9%
Boots
11.3%
Naughty Boy
11.1%
Amil
10.6%
Chris Martin
9.3%
Charlie Wilson
7.9%
2 Chainz
7.3%
Arrow Benjamin
6.6%
Chinamanda Ngozi Adichie
6.6%
Da Brat
6.6%
Mark Nelson
4%
Kitten Kay Sera
4%
Devin the Dude
3.3%
Volito
0%
Vaness Wu
0%
Collie Buddz
0%
Fabolous
0%
J Balvin
0%
Willy William
0%

You're not logged in!

Compare scores with friends on all Sporcle quizzes.
Sign Up with Email
OR
Log In

You Might Also Like...

Show Comments

Extras

Top Quizzes Today


Score Distribution

Your Account Isn't Verified!

In order to create a playlist on Sporcle, you need to verify the email address you used during registration. Go to your Sporcle Settings to finish the process.